Sports Quiz

Random Sports or City Quiz

Name Locations of the Red Bull Air Race Championship Quiz Stats

 Plays Quiz not verified by Sporcle

Score 0/23 Timer 08:00
0 Plays Today
Country City % Correct
HungaryBudapest
100%
United KingdomLondon
90.9%
United Arab EmiratesAbu Dhabi
86.4%
AustraliaPerth
81.8%
TurkeyIstanbul
77.3%
SpainBarcelona
72.7%
PortugalPorto
68.2%
United StatesNew York
68.2%
NetherlandsRotterdam
63.6%
GermanyBerlin
59.1%
BrazilRio de Janeiro
54.5%
United StatesSan Diego
50%
Country City % Correct
United StatesSan Francisco
50%
United StatesReno
36.4%
SwitzerlandInterlaken
31.8%
CanadaWindsor
27.3%
United KingdomLongleat
27.3%
United KingdomRAF Kemble
22.7%
GermanyLausitz
13.6%
IrelandRock of Cashel
9.1%
United StatesMonument Valley
9.1%
United StatesDetroit
9.1%
AustriaZeltweg
4.5%

You're not logged in!

Compare scores with friends on all Sporcle quizzes.
OR
Log In

You Might Also Like...

Show Comments

Extras

Top Quizzes Today


Score Distribution

Your Account Isn't Verified!

In order to create a playlist on Sporcle, you need to verify the email address you used during registration. Go to your Sporcle Settings to finish the process.

Report this User

Report this user for behavior that violates our Community Guidelines.

Details: